[Event "Lasker Mem Open"]
[Site "Barlinek CZE"]
[Date "2001.07.18"]
[Round "3"]
[White "Krasenkow,M"]
[Black "Borovikov,V"]
[Result "1/2-1/2"]
[WhiteElo "2573"]
[BlackElo "2593"]

1.d4 d5 2.c4 c6 3.Nc3 Nf6 4.e3 e6 5.Nf3 Nbd7 6.Bd3 dxc4 7.Bxc4 b5 8.Bd3 Bb7
9.a3 b4 10.Ne4 Nxe4 11.Bxe4 bxa3 12.bxa3 Be7 13.Rb1 Qc7 14.Qc2 Rc8 15.O-O Nf6
16.Bd3 c5 17.e4 c4 18.Bf4 Qxf4 19.Rxb7 O-O 20.Bxc4 Bxa3 21.e5 Nd5 22.Qb3 Nb6
23.Bxe6 fxe6 24.Qxa3 Nd5 25.Qxa7 Qg4 26.h3 Qg6 27.Kh2 Kh8 28.Rfb1 Nf4 29.Nh4 Qh6
30.g3 Nd3 31.Rf7 g5 32.Ng2 Nxf2 33.h4 Ng4+ 34.Kh3 Nf2+ 35.Kh2 Ng4+ 36.Kh3 Nf2+  1/2-1/2

[Event "Politiken Cup"]
[Site "Copenhagen DEN"]
[Date "2001.07.18"]
[Round "3"]
[White "Bekker Jensen,Da"]
[Black "Hector,J"]
[Result "0-1"]
[WhiteElo "2284"]
[BlackElo "2552"]

1.d4 d5 2.c4 c6 3.Nc3 Nf6 4.e3 e6 5.Nf3 Nbd7 6.Qc2 b6 7.Bd3 Bb7 8.O-O Be7
9.b3 Rc8 10.Bb2 h6 11.Qe2 O-O 12.Rac1 Re8 13.Ne5 c5 14.Nxd7 Nxd7 15.cxd5 exd5
16.Ba6 Bxa6 17.Qxa6 cxd4 18.exd4 Nf6 19.Qxa7 Bd6 20.g3 Bb4 21.Na4 Rxc1 22.Rxc1 Ng4
23.Qxb6 Qe7 24.Rf1 Be1 25.Nc3 Bxf2+ 26.Kh1 Qe3 27.Kg2 Qd2 28.Kh3 Bxd4 29.Qc6 Qxh2+
30.Kxg4 h5+ 31.Kf3 Re3+ 32.Kf4 Qxg3+  0-1

[Event "SWYM"]
[Site "Witley ENG"]
[Date "2001.07.18"]
[Round "6"]
[White "Zhao Zong Yuan"]
[Black "Ippolito,D"]
[Result "1/2-1/2"]
[WhiteElo "2390"]
[BlackElo "2394"]

1.d4 d5 2.c4 c6 3.Nc3 Nf6 4.Nf3 e6 5.e3 Nbd7 6.Qc2 Bd6 7.g4 dxc4 8.Bxc4 Nd5
9.Bd2 b6 10.Nxd5 cxd5 11.Bd3 Bb7 12.g5 Rc8 13.Qa4 a6 14.Ke2 b5 15.Qb3 e5
16.dxe5 Nxe5 17.Nxe5 Bxe5 18.Rhg1 O-O 19.a4 Bc6 20.axb5 Bxb5 21.Bxb5 axb5
22.f4 Bd6 23.Qxd5 Rc2 24.Qd3 Rxb2 25.Rgb1 Rxb1 26.Rxb1 Qe7 27.Rxb5 Re8 28.Kf2 Bc5
29.Qc3 Bd6 30.Qd4 Qc7 31.Qd5 Be7 32.Rb7 Qc8 33.Qd7 Qxd7 34.Rxd7 Rd8 35.Rxe7 Rxd2+
36.Kg3 h6 37.h4 hxg5 38.hxg5 g6 39.Kf3 Kf8 40.Rc7 Rd6 41.Kg4 Re6 42.Kf3 Rd6
43.Rc5 Re6 44.Rc8+ Kg7 45.Rd8 Re7 46.Ke2 Ra7 47.Kd3 Ra4 48.Rc8 Ra7 49.Re8 Ra4
50.Kc3 Kh7 51.Kb3 Ra7 52.Kc4 Rd7 53.Re5 Rd1 54.Rd5 Re1 55.Kd4 Kg7 56.Rc5 Rd1+
57.Ke5 Re1 58.Rc3 Rd1 59.Ra3 Rd2 60.Ra4 Rd7 61.Ra5 Rd2 62.Ra3 Rd1 63.Rc3 Rd2
64.e4 Rd1 65.Re3 Rf1 66.f5 gxf5 67.exf5 Rg1 68.Kf4 Rf1+ 69.Kg4 Rg1+ 70.Rg3 Ra1
71.Rg2 Rb1 72.Rh2 Rg1+ 73.Kf4  1/2-1/2

[Event "Heart of Finland Open"]
[Site "Jyvaskyla FIN"]
[Date "2001.07.19"]
[Round "3"]
[White "Franssila,T"]
[Black "Eriksson,Jon"]
[Result "0-1"]
[WhiteElo "2267"]
[BlackElo "2245"]

1.d4 d5 2.c4 e6 3.Nc3 c6 4.Nf3 Nf6 5.e3 Nbd7 6.Qc2 a6 7.a3 Bd6 8.g4 h6 9.Rg1 e5
10.dxe5 Nxe5 11.Nxe5 Bxe5 12.h3 Be6 13.c5 Qe7 14.Na4 Ne4 15.Bg2 f5 16.Qe2 fxg4
17.Bxe4 dxe4 18.hxg4 Bb3 19.Nc3 Bxc3+ 20.bxc3 Qxc5 21.Qb2 Qd5 22.Bd2 O-O
23.c4 Bxc4 24.Bc3 Rf7 25.Rd1 Bd3 26.Rd2 Raf8 27.a4 Qg5 28.Qb6 Qh4 29.Kd1 Rxf2
30.Qb3+ Kh7 31.Rxf2 Qxf2 32.Re1 b5 33.axb5 cxb5 34.g5 Qf7 35.Qb2 Rc8 36.gxh6 gxh6
37.Qa3 a5 38.Bxa5 Qf3+  0-1

[Event "Heart of Finland Open"]
[Site "Jyvaskyla FIN"]
[Date "2001.07.19"]
[Round "3"]
[White "Tella,J"]
[Black "Fieandt,J"]
[Result "1-0"]
[WhiteElo "2425"]
[BlackElo "2190"]

1.d4 d5 2.c4 c6 3.Nf3 Nf6 4.e3 e6 5.Nc3 Nbd7 6.Bd3 dxc4 7.Bxc4 b5 8.Bd3 a6
9.e4 c5 10.e5 cxd4 11.Nxb5 axb5 12.exf6 gxf6 13.O-O Qb6 14.Qe2 b4 15.Bf4 Bb7
16.Rfd1 Bc5 17.Be4 Rc8 18.Bxb7 Qxb7 19.Nxd4 h5 20.Nxe6 fxe6 21.Qxe6+ Be7
22.Re1 Nf8 23.Qxf6 Rg8 24.Bg5 Rc7 25.Rad1 Nh7 26.Rxe7+ Rxe7 27.Qxe7+ Qxe7
28.Bxe7 Kxe7 29.Rd4 Rd8 30.Rxd8 Kxd8 31.Kf1 Kc7 32.Ke2 Kb6 33.Kd3 Kb5 34.h4 Nf6
35.f3 Nd7 36.Kd4 Nc5 37.g4 Na4 38.gxh5 Nxb2 39.h6 Nc4 40.h7  1-0

[Event "EuChJun Boys"]
[Site "Patras GRE"]
[Date "2001.07.19"]
[Round "4"]
[White "Kuemin,S"]
[Black "Lazar,Ales ml"]
[Result "1/2-1/2"]
[WhiteElo "2313"]
[BlackElo "2259"]

1.d4 d5 2.c4 c6 3.Nf3 Nf6 4.Nc3 e6 5.e3 Nbd7 6.Qc2 Bd6 7.Bd3 O-O 8.O-O dxc4
9.Bxc4 b5 10.Be2 Bb7 11.Rd1 Qc7 12.e4 e5 13.h3 a6 14.a3 exd4 15.Nxd4 Rfe8
16.Kh1 Be5 17.f3 g6 18.Bf1 c5 19.Nde2 Nb6 20.Bg5 Rac8 21.Rac1 Nc4 22.Rd3 Bc6
23.Nd1 Bb7 24.a4  1/2-1/2

[Event "Politiken Cup"]
[Site "Copenhagen DEN"]
[Date "2001.07.20"]
[Round "5"]
[White "Akesson,J"]
[Black "Palo,D"]
[Result "0-1"]
[WhiteElo "2203"]
[BlackElo "2325"]

1.c4 e6 2.Nc3 d5 3.d4 Nf6 4.Nf3 c6 5.e3 Nbd7 6.Bd3 dxc4 7.Bxc4 b5 8.Be2 a6
9.e4 b4 10.e5 bxc3 11.exf6 Nxf6 12.bxc3 c5 13.O-O cxd4 14.Nxd4 Bb7 15.Bg5 Be7
16.Rb1 Be4 17.Bf3 Bxf3 18.Qxf3 Qd5 19.c4 Qxf3 20.Nxf3 Ne4 21.Bxe7 Kxe7 22.Rb7+ Kf6
23.g4 h6 24.h4 g5 25.hxg5+ hxg5 26.Rd1 Nc5 27.Rb6 Rhb8 28.Rdb1 Rc8 29.Nd2 Rd8
30.Nb3 Na4 31.Rb7 Rac8 32.Rc1 Nc5 33.Rb6 Nd3 34.Rd1 Rxc4 35.Rxa6 Rxg4+ 36.Kf1 Rh4
37.Kg1 Rd5 38.Nd2 Nc5 39.Rc6 Rhd4 40.a3 Nb3 41.Ne4+ Ke5 42.Rb1 Na5 43.Rc7 Rxe4
44.Rxf7 Nc4 45.Rg7 Rg4+ 46.Kh1 Rd3  0-1

[Event "Politiken Cup"]
[Site "Copenhagen DEN"]
[Date "2001.07.20"]
[Round "6"]
[White "Rustemov,A"]
[Black "Hector,J"]
[Result "1-0"]
[WhiteElo "2607"]
[BlackElo "2552"]

1.d4 d5 2.c4 c6 3.Nc3 Nf6 4.e3 e6 5.Nf3 Nbd7 6.Qc2 Bd6 7.b3 O-O 8.Be2 e5
9.cxd5 cxd5 10.Nb5 Bb4+ 11.Bd2 Bxd2+ 12.Nxd2 a6 13.dxe5 Nxe5 14.Nd4 Bg4 15.f3 Rc8
16.Qb2 Bd7 17.O-O Qb6 18.Rfc1 Rfe8 19.Rxc8 Bxc8 20.Rc1 Bd7 21.Qc3 Nc6 22.Nxc6 Bxc6
23.Kf2 Nd7 24.Nf1 Nf8 25.Qd4 Qa5 26.Qd2 Qb6 27.Ng3 g6 28.Bd1 Ne6 29.Ne2 Qc7
30.g3 Qe5 31.Nd4 Nxd4 32.Qxd4 Qxd4 33.exd4 Kf8 34.h4 h5 35.Rc3 f5 36.Re3 Rxe3
37.Kxe3 Ke7 38.Kf4 Kf6 39.b4 b6 40.Bb3 a5 41.a3 Bb7 42.b5 Ba8 43.g4 fxg4
44.fxg4 hxg4 45.Kxg4 Bb7 46.Kf4 Bc8 47.Bxd5 Bh3 48.Bc4 Bf5 49.d5 Bc2 50.d6 Bf5
51.Be2 Bc2 52.Bg4 Bb3 53.Ke4 Bc4 54.Bd7 Bb3 55.Kd4 Bd1 56.Be8 Bh5 57.a4 Ke6
58.d7 Ke7 59.Ke5 Bd1 60.Bxg6 Bxa4 61.h5 Bb3 62.h6 Bg8 63.h7  1-0

[Event "Heart of Finland Open"]
[Site "Jyvaskyla FIN"]
[Date "2001.07.20"]
[Round "5"]
[White "Yrjola,J"]
[Black "Rytshagov,M"]
[Result "0-1"]
[WhiteElo "2413"]
[BlackElo "2501"]

1.d4 d5 2.c4 c6 3.Nc3 Nf6 4.e3 e6 5.Nf3 Nbd7 6.Bd3 dxc4 7.Bxc4 b5 8.Be2 b4
9.Na4 Bb7 10.O-O Be7 11.a3 bxa3 12.b3 O-O 13.Qc2 Qa5 14.Nd2 Rfc8 15.Nc4 Qc7
16.Bxa3 c5 17.Qb2 Rab8 18.Rfc1 Ba8 19.Nd2 Qb7 20.Bf1 Qd5 21.Nxc5 Nxc5 22.Bxc5 Bxc5
23.dxc5 Rxc5 24.Rxa7 h6 25.Rxc5 Qxc5 26.Qa3 Qd5 27.Nc4 Bc6 28.Qe7 Rf8 29.Nd6 Qc5
30.Nc4 Qd5 31.b4 Qd1 32.Qd6 Bd5 33.Nb6 Ne4 34.Qf4 Nd2  0-1

[Event "Asian U20"]
[Site "Tehran IRI"]
[Date "2001.07.20"]
[Round "11"]
[White "Sundararajan,K"]
[Black "Hassan,Ab"]
[Result "1-0"]
[WhiteElo "2421"]
[BlackElo "2242"]

1.d4 d5 2.c4 c6 3.Nc3 Nf6 4.e3 e6 5.Nf3 Nbd7 6.Bd3 dxc4 7.Bxc4 b5 8.Bd3 b4
9.Ne4 Be7 10.Nxf6+ Nxf6 11.e4 Bb7 12.Qe2 Nd7 13.O-O O-O 14.Rd1 c5 15.Be3 Rc8
16.d5 exd5 17.exd5 Nb6 18.d6 Bf6 19.Bf5 Nd7 20.Rac1 Re8 21.Rc2 g6 22.Bh3 Be4
23.Rc4 Bc6 24.Rf4 Bg7 25.Qc4 Rf8 26.b3 Nb6 27.Qd3 Bd7 28.Bxd7 Nxd7 29.Re4 Qb6
30.Re7 Rcd8 31.Qd5 h6 32.h4 a6 33.h5 g5 34.Qf5 Qc6 35.Bxg5 hxg5 36.h6 Bc3
37.Nxg5 Nf6 38.Rxf7  1-0

[Event "Lasker Mem Open"]
[Site "Barlinek CZE"]
[Date "2001.07.22"]
[Round "6"]
[White "Szczechowicz,B"]
[Black "Borovikov,V"]
[Result "1/2-1/2"]
[WhiteElo "2298"]
[BlackElo "2593"]

1.d4 d5 2.c4 c6 3.Nc3 Nf6 4.e3 e6 5.Nf3 Nbd7 6.Bd3 dxc4 7.Bxc4 b5 8.Bd3 Bb7
9.O-O b4 10.Ne4 Be7 11.Nxf6+ Nxf6 12.e4 c5 13.dxc5 O-O 14.Qe2 Nd7 15.c6 Bxc6
16.Be3 Bb7 17.e5 Qa5 18.Bxh7+ Kxh7 19.Qd3+ Kg8 20.Qxd7 Bxf3 21.Qxe7 Be4 22.Qg5 f6
23.exf6 Qxg5 24.Bxg5 gxf6 25.Bd2 a5 26.Rfe1 Bd5 27.a3 b3 28.Rac1 Rfd8 29.Rc5 Bxg2
30.Bxa5 Rd5 31.Rxd5 Bxd5 32.Bc3 Kf7 33.Re3 e5 34.f3 Rg8+ 35.Kf2 Rh8 36.Kg3 Rg8+
37.Kf2 Rh8 38.Kg3  1/2-1/2

[Event "Open"]
[Site "Novosibirsk RUS"]
[Date "2001.07.22"]
[Round "4"]
[White "Bocharov,D"]
[Black "Arestanov,T"]
[Result "1-0"]
[WhiteElo "2385"]
[BlackElo "2257"]

1.d4 d5 2.c4 c6 3.Nf3 Nf6 4.Nc3 e6 5.e3 Nbd7 6.Bd3 dxc4 7.Bxc4 b5 8.Be2 b4
9.Na4 Qa5 10.O-O Bd6 11.Bd2 g5 12.a3 g4 13.Bxb4 Bxb4 14.axb4 Qxb4 15.Ne1 Qd6
16.Nd3 Ba6 17.Ndc5 Bxe2 18.Qxe2 Rg8 19.Rfd1 Rg6 20.e4 Qf4 21.e5 Nxc5 22.Nxc5 Nd5
23.Qa6 Kf8 24.g3 Qf5 25.Qxc6 Re8 26.Rxa7 Rh6 27.Qxe8+ Kxe8 28.Ra8+ Ke7 29.Rda1 Nc7
30.R1a7  1-0

[Event "16th Maccabia GM"]
[Site "Tel Aviv ISR"]
[Date "2001.07.22"]
[Round "8"]
[White "Lerner,K"]
[Black "Kaspi,A"]
[Result "1-0"]
[WhiteElo "2570"]
[BlackElo "2446"]

1.d4 d5 2.c4 c6 3.Nf3 Nf6 4.Nc3 e6 5.e3 Nbd7 6.Bd3 dxc4 7.Bxc4 b5 8.Bd3 b4
9.Ne4 Be7 10.O-O Bb7 11.Nxf6+ Nxf6 12.Qe2 c5 13.Bb5+ Kf8 14.a3 bxa3 15.bxa3 cxd4
16.Nxd4 Qd5 17.f3 e5 18.Nf5 Bc5 19.Kh1 Qe6 20.e4 h6 21.Rb1 g6 22.Bc4 Qc8
23.Bxh6+ Kg8 24.Bg7 Nh5 25.Bxh8 Kxh8 26.Bxf7  1-0

[Event "Politiken Cup"]
[Site "Copenhagen DEN"]
[Date "2001.07.23"]
[Round "9"]
[White "Aaberg,A"]
[Black "Rasmussen,C"]
[Result "1-0"]
[WhiteElo "2373"]
[BlackElo "2281"]

1.d4 d5 2.c4 c6 3.Nc3 Nf6 4.e3 e6 5.Nf3 Nbd7 6.Qc2 Be7 7.b3 O-O 8.Bb2 b6
9.Be2 Bb7 10.O-O c5 11.cxd5 Nxd5 12.Nxd5 Bxd5 13.e4 Bb7 14.d5 exd5 15.exd5 Bxd5
16.Rad1 Be6 17.Bd3 h6 18.Bh7+ Kh8 19.Be4 Rc8 20.Ne5 Rc7 21.Bf5 Kg8 22.Bxe6 fxe6
23.Qc4 Rf6 24.Qd3  1-0

[Event "Open"]
[Site "Novosibirsk RUS"]
[Date "2001.07.23"]
[Round "5"]
[White "Vassiliev,G"]
[Black "Tyulin,A"]
[Result "1-0"]
[WhiteElo "2253"]
[BlackElo "2125"]

1.d4 e6 2.c4 d5 3.Nc3 c6 4.Nf3 Nf6 5.e3 Nbd7 6.Qc2 Bd6 7.Bd3 O-O 8.O-O dxc4
9.Bxc4 a6 10.e4 b5 11.Be2 e5 12.Rd1 Qc7 13.g3 c5 14.dxe5 Nxe5 15.Bg5 Be6
16.Bxf6 gxf6 17.Nd5 Bxd5 18.Rxd5 Nxf3+ 19.Bxf3 Be5 20.Rxc5 Qb6 21.Rc1 Kg7
22.Bg4 Rad8 23.Bf5 Qd6 24.Rd5 Qb4 25.b3 Rxd5 26.exd5 Rd8 27.Be4 f5 28.Bf3 Kf6
29.Qe2 Qd4 30.Bg2 Qg4 31.Bf3 Qd4 32.Rd1 Qc3 33.Bg2 Rd6 34.Qh5 Qc2 35.Re1 Qd2
36.Qh4+  1-0

[Event "3rd Open"]
[Site "Patras GRE"]
[Date "2001.07.23"]
[Round "6"]
[White "Valden,P"]
[Black "Makropoulou,M"]
[Result "1/2-1/2"]
[WhiteElo "2096"]
[BlackElo "2313"]

1.Nf3 d5 2.c4 e6 3.d4 Nf6 4.Nc3 c6 5.e3 Nbd7 6.Qc2 Bd6 7.Bd3 dxc4 8.Bxc4 O-O
9.O-O Qe7 10.h3 a6 11.a3 b5 12.Bd3 Bb7 13.Ng5 h6 14.Nge4 Bc7 15.Nxf6+ Nxf6
16.Ne4 Nxe4 17.Bxe4 f5 18.Bf3 Rac8 19.Bd2 a5 20.b4 a4 21.Be2 e5 22.dxe5 Qxe5
23.g3 Bb6 24.Bf3 Qe7 25.Rab1 Kh8 26.Qb2 Rcd8 27.Bc3 Rd3 28.Rbd1 Rfd8 29.Rxd3 Rxd3
30.Qc2 Qd7 31.Rd1 Rxd1+ 32.Qxd1 Qxd1+ 33.Bxd1 c5 34.Be2 c4 35.Kf1 Kg8 36.h4 g6
37.Ke1 Kf7 38.Kd2 Be4 39.Bb2 Bd5 40.Bc3 Bc7 41.Bd4 Bd6 42.Bc3 Bf8 43.Bb2 Ke6
44.Bc3 Bg2 45.Bb2 Kd5 46.Bc3 Kc6 47.Bb2 Kd7 48.Bc3 Bc6 49.Bb2 Ke6 50.Bc3 g5
51.hxg5 hxg5 52.Bb2 Be7 53.Bc3 Bd6 54.Bb2 Be4 55.Bc3 f4 56.gxf4 gxf4 57.Bg4+ Ke7
58.Bh8 Bc6 59.Kc3 fxe3 60.fxe3 Bg3 61.Bf5 Be1+ 62.Kd4 Be8 63.Kc5 Bd2 64.Bd4 Bc1
65.Be4 Bxa3 66.Bc6 Bxc6 67.Kxc6 Bc1 68.Kxb5 a3 69.Kxc4 a2 70.Kb3 Bxe3 71.Kxa2  1/2-1/2

[Event "MTO"]
[Site "Biel SUI"]
[Date "2001.07.24"]
[Round "2"]
[White "Kempinski,R"]
[Black "Rasch,H"]
[Result "1/2-1/2"]
[WhiteElo "2595"]
[BlackElo "2238"]

1.d4 d5 2.c4 e6 3.Nf3 c6 4.e3 Nf6 5.Nc3 Nbd7 6.Qc2 Bd6 7.g4 dxc4 8.Bxc4 e5
9.h3 O-O 10.Bd2 exd4 11.Nxd4 Nb6 12.Be2 Nbd5 13.g5 Nxc3 14.gxf6 Nxe2 15.fxg7 Re8
16.Nxe2 Qf6 17.Bc3 Qf3 18.Rg1 Bf5 19.Qd2 Be5 20.Bxe5 Rxe5 21.Nd4 Qxh3 22.Qc3 Rae8
23.Nxf5 Rxf5 24.Rd1 Qf3 25.Rd2 Rd5 26.Rxd5 Qxd5 27.b3 Rd8 28.Qc2 Qa5+ 29.Ke2 Qh5+
30.Ke1 Qa5+ 31.Ke2 Qh5+  1/2-1/2

[Event "Politiken Cup"]
[Site "Copenhagen DEN"]
[Date "2001.07.24"]
[Round "10"]
[White "Rustemov,A"]
[Black "Gurevich,M"]
[Result "1/2-1/2"]
[WhiteElo "2607"]
[BlackElo "2633"]

1.d4 d5 2.c4 c6 3.Nc3 Nf6 4.e3 e6 5.Nf3 Nbd7 6.Qc2 Bd6 7.b3 O-O 8.Be2 b6
9.O-O Bb7 10.Bb2 Qe7 11.Rad1 Rad8 12.Rfe1 Rfe8 13.e4 Nxe4 14.Nxe4 dxe4 15.Qxe4 Bb4
16.Rf1 f5 17.Qc2 Bd6 18.c5 bxc5 19.dxc5 Bxc5 20.Bc4 Kh8 21.Rde1 Nf8 22.Re2 Bd6
23.Ne5 c5 24.f3 Nd7 25.Rfe1 Nb6 26.Qc3 Nd5 27.Bxd5 Bxd5 28.Nc4 Bb8 29.Ne3 Qc7
30.Kf1 Bc6 31.Nc4 Bd5 32.Ne3 Bc6 33.Nc4 Bd5 34.Ne3  1/2-1/2

[Event "Dutch Open"]
[Site "Dieren NED"]
[Date "2001.07.24"]
[Round "7"]
[White "Dgebuadze,A"]
[Black "Vink,N"]
[Result "1-0"]
[WhiteElo "2547"]
[BlackElo "2281"]

1.Nf3 d5 2.c4 c6 3.e3 Nf6 4.Nc3 e6 5.d4 Be7 6.Qc2 Nbd7 7.Be2 O-O 8.b3 b6
9.Bb2 Bb7 10.O-O Re8 11.Rad1 Qc7 12.Ne5 Nxe5 13.dxe5 Nd7 14.f4 Bb4 15.Bd3 g6
16.Ne2 Nc5 17.cxd5 exd5 18.a3 Nxd3 19.Rxd3 Bc5 20.Qc3 Re6 21.b4 Bf8 22.Rxd5 c5
23.e4 Rc8 24.b5 c4 25.Rfd1 Bxd5 26.exd5 Rd8 27.Rd4 Ree8 28.d6 Qd7 29.Rxc4 Bg7
30.Nd4 Qg4 31.Qf3 Qh4 32.g3 Qh3 33.Rc1 Rd7 34.Rd1 h5 35.a4 Kh7 36.Nc6 Qe6
37.Nd4 Qh3 38.Qg2 Qg4 39.Rf1 h4 40.h3 Qxg3 41.Qxg3 hxg3 42.h4 Kh6 43.Kg2 Bxe5
44.fxe5 Rxe5 45.Bc1+ Kh5 46.Bf4 Re4 47.Nc6 Rxa4 48.Bxg3 f5 49.Rd1 Ra2+ 50.Kh3 g5
51.hxg5 Kxg5 52.Bh4+ Kh5 53.Be7 Re2 54.Rd5 Re3+ 55.Kg2 Re6 56.Kf3 Kh6 57.Kf4 Kg7
58.Kxf5  1-0

[Event "Czech Open"]
[Site "Pardubice CZE"]
[Date "2001.07.24"]
[Round "5"]
[White "Cvek,R"]
[Black "Korotylev,A"]
[Result "0-1"]
[WhiteElo "2411"]
[BlackElo "2573"]

1.Nf3 d5 2.c4 c6 3.e3 Nf6 4.Nc3 e6 5.d4 Nbd7 6.Qc2 Bd6 7.Be2 O-O 8.O-O dxc4
9.Bxc4 b5 10.Be2 Bb7 11.e4 e5 12.a3 a6 13.Rd1 Qc7 14.dxe5 Nxe5 15.h3 c5 16.Bg5 Nxf3+
17.Bxf3 Bh2+ 18.Kh1 Be5 19.a4 Qb6 20.Be3 Rac8 21.axb5 axb5 22.Nd5 Bxd5 23.exd5 Rfe8
24.Rac1 Bd6 25.Bg5 Qd8 26.b3 h6 27.Be3 Rxe3 28.fxe3 Qe7 29.e4 Qe5 30.Kg1 Ra8
31.Kf1 Qh2 32.Qf2 Ra3 33.Ra1 b4 34.Rxa3 bxa3 35.Qa2 Qf4 36.Qd2 Qe5 37.Qa5 Qb2
38.Qd8+ Bf8 39.d6 a2 40.Qa8 Nd7 41.Qa4 Nb6 42.Qa6 Bxd6 43.Qxb6 a1=Q 44.Rxa1 Qxa1+
45.Ke2 Qb2+ 46.Kd3 Qd4+ 47.Kc2 Be5 48.Qb5 Qb2+ 49.Kd3 Qc3+ 50.Ke2 Qc2+ 51.Kf1 Bg3
52.Qe2 Qxb3 53.e5 Qe6 54.Bg4 Qxe5 55.Qxe5 Bxe5 56.Be2 g6 57.Bc4 h5 58.g4 h4
59.Ke2 Kg7 60.Kf3 f6 61.Ke4 Kh6 62.Bb3 Kg7 63.Be6 Bd4 64.Bc4 f5+ 65.gxf5 gxf5+
66.Kf3 Kf6 67.Bd3 Ke5 68.Bc4 Bg1 69.Bd3 f4 70.Bh7 Bh2 71.Ke2 Kd4 72.Bg8 Kc3
73.Bf7 c4 74.Be6 Kb4 75.Bd5 c3 76.Kd3 Bg1 77.Bf3 Kb3 78.Bd1+ Kb2 79.Ba4 f3
80.Bd1 Bb6  0-1

[Event "Politiken Cup"]
[Site "Copenhagen DEN"]
[Date "2001.07.25"]
[Round "11"]
[White "Romsdal,T"]
[Black "Nielsen,He"]
[Result "1-0"]
[WhiteElo "2225"]
[BlackElo "2005"]

1.d4 Nf6 2.c4 e6 3.Nc3 d5 4.Nf3 c6 5.e3 Nbd7 6.Bd3 Bd6 7.O-O O-O 8.e4 dxe4
9.Nxe4 Nxe4 10.Bxe4 Nf6 11.Bc2 c5 12.Bg5 cxd4 13.Qxd4 Be7 14.Qc3 b6 15.Rad1 Qc7
16.Rd4 Bb7 17.Rh4 Rfd8 18.Ne5 Ne4 19.Bxe7 Qxe7 20.Rxe4 Bxe4 21.Bxe4 Rac8
22.Nc6  1-0

[Event "Open"]
[Site "Novosibirsk RUS"]
[Date "2001.07.25"]
[Round "7"]
[White "Artamonov,P"]
[Black "Kazakov,P"]
[Result "0-1"]
[WhiteElo "2179"]
[BlackElo "2342"]

1.d4 d5 2.Nf3 Nf6 3.c4 e6 4.Nc3 c6 5.e3 Nbd7 6.Qc2 Bd6 7.e4 dxe4 8.Nxe4 Nxe4
9.Qxe4 Nf6 10.Qc2 h6 11.Bd2 Qe7 12.Bd3 b6 13.O-O O-O 14.Bc3 Bb7 15.Rfe1 Rad8
16.Rad1 Rfe8 17.Qe2 Bb4 18.Bxb4 Qxb4 19.a3 Qe7 20.b4 c5 21.bxc5 bxc5 22.d5 Qc7
23.dxe6 Rxe6 24.Qc2 Bxf3 25.gxf3 Red6 26.Be2 Qa5 27.Qb3 Rd4 28.Bf1 g6 29.Rxd4 cxd4
30.Qb4 Qg5+ 31.Kh1 Qf4 32.Kg2 d3 33.Qe7 Re8 34.Qxe8+ Nxe8 35.Rxe8+ Kg7 36.Bxd3 Qg5+
37.Kf1 Qc1+ 38.Kg2 Qxa3 39.Be4 Qd6 40.Ra8 Qc7 41.Bd5 h5 42.Kg1 a5 43.Ra6 h4
44.Kg2 h3+ 45.Kg1 Qb8  0-1

[Event "ch-Paris Open"]
[Site "Paris FRA"]
[Date "2001.07.25"]
[Round "5"]
[White "Lukov,V"]
[Black "Guedon,S"]
[Result "1/2-1/2"]
[WhiteElo "2469"]
[BlackElo "2234"]

1.Nf3 d5 2.c4 c6 3.e3 Nf6 4.Nc3 e6 5.d4 Nbd7 6.Qc2 Bd6 7.Bd3 O-O 8.O-O dxc4
9.Bxc4 b5 10.Bd3 Bb7 11.Ne4 Nxe4 12.Bxe4 h6 13.a4 b4 14.Bd2 a5 15.Rfd1 Rc8
16.Be1 Qc7 17.Qe2 Nf6 18.Bd3 c5 19.dxc5 Bxf3 20.gxf3 Qxc5 21.f4 e5 22.Ba6 Rcd8
23.Rac1  1/2-1/2

[Event "Open"]
[Site "Novosibirsk RUS"]
[Date "2001.07.26"]
[Round "8"]
[White "Trufanov,Alexande"]
[Black "Neustroev,V"]
[Result "1-0"]
[WhiteElo "2236"]
[BlackElo "2149"]

1.d4 d5 2.c4 e6 3.Nc3 c6 4.e3 Nf6 5.Nf3 Nbd7 6.Qc2 Be7 7.Bd2 O-O 8.Rc1 b6
9.cxd5 exd5 10.Bd3 Bb7 11.O-O Rc8 12.Ne5 g6 13.f4 b5 14.f5 b4 15.fxg6 bxc3
16.gxf7+ Kh8 17.Bxc3 Bd6 18.Qf2 Qe7 19.Qh4 Bxe5 20.dxe5 Rxf7 21.Bf5 Nxe5
22.Bxc8 Bxc8 23.Bxe5 Qxe5 24.Rxc6 Be6 25.Qd4  1-0

[Event "ch-Paris Open"]
[Site "Paris FRA"]
[Date "2001.07.27"]
[Round "7"]
[White "Delalande,T"]
[Black "Van de Oudeweetering,A"]
[Result "1/2-1/2"]
[WhiteElo "2171"]
[BlackElo "2409"]

1.d4 d5 2.c4 c6 3.Nc3 Nf6 4.e3 e6 5.Nf3 Nbd7 6.Bd3 dxc4 7.Bxc4 b5 8.Bd3 a6
9.e4 c5 10.e5 cxd4 11.Nxb5 Ng4 12.Qa4 Bb7 13.Nbxd4 Qb6 14.O-O Bc5 15.h3 Bxf3
16.hxg4 Bb7 17.Nb3 O-O 18.Bf4 Bc6 19.Qa5 Rfb8 20.Rac1 Qxa5 21.Nxa5 Bd5 22.b3 g5
23.Bg3 Rc8  1/2-1/2

[Event "EuChJun Boys"]
[Site "Patras GRE"]
[Date "2001.07.27"]
[Round "11"]
[White "Kuemin,S"]
[Black "Mastrovasilis,D"]
[Result "1/2-1/2"]
[WhiteElo "2313"]
[BlackElo "2435"]

1.d4 d5 2.c4 e6 3.Nc3 c6 4.e3 Nf6 5.Nf3 Nbd7 6.Qc2 Bd6 7.Bd3 O-O 8.O-O dxc4
9.Bxc4 b5 10.Be2 Bb7 11.e4 e5 12.Bg5 Re8 13.Rad1 Qe7 14.a3 a5 15.d5 b4 16.dxc6 Bxc6
17.axb4 axb4 18.Nb5 Bxb5  1/2-1/2

[Event "Open"]
[Site "Novosibirsk RUS"]
[Date "2001.07.28"]
[Round "10"]
[White "Erikalov,A"]
[Black "Arestanov,T"]
[Result "1-0"]
[WhiteElo "2451"]
[BlackElo "2257"]

1.d4 d5 2.c4 c6 3.Nc3 Nf6 4.Nf3 e6 5.e3 Nbd7 6.Qc2 Bd6 7.Bd3 O-O 8.O-O dxc4
9.Bxc4 e5 10.h3 exd4 11.exd4 Nb6 12.Bb3 Bc7 13.Bg5 Qd6 14.Rfe1 Nfd5 15.Rac1 h6
16.Bh4 Kh8 17.Ne5 a5 18.a3 Nxc3 19.Bxf7 g5 20.Bg3 Qf6 21.Ng6+ Kg7 22.Bxc7 Bf5
23.Qxc3 Qxf7 24.Nxf8 Nd5 25.Be5+ Kg8 26.Qg3 Rxf8 27.f4 Kh7 28.fxg5 Rg8 29.h4 hxg5
30.hxg5 Qh5 31.Kf2 Qxg5 32.Qxg5 Rxg5 33.Rc5 Bg6 34.Rxa5 Rg4 35.Ra7 Be4 36.Rxb7+  1-0

[Event "ch-Paris Open"]
[Site "Paris FRA"]
[Date "2001.07.28"]
[Round "8"]
[White "Kruppa,Y"]
[Black "Nikcevic,N"]
[Result "1-0"]
[WhiteElo "2552"]
[BlackElo "2484"]

1.d4 d5 2.c4 c6 3.Nc3 Nf6 4.e3 e6 5.Nf3 Nbd7 6.Bd3 dxc4 7.Bxc4 b5 8.Bd3 Bb7
9.O-O b4 10.Ne4 Be7 11.Nxf6+ Nxf6 12.e4 Nd7 13.Be3 O-O 14.Rc1 c5 15.dxc5 Rc8
16.c6 Rxc6 17.Rxc6 Bxc6 18.Qc2 Ba8 19.Bxa7 Qa5 20.Be3 Bc5 21.Bf4 Bb6 22.Nd2 Qxa2
23.Bd6 Rd8 24.Bxb4 Ne5 25.Be7 Rxd3 26.Qc8+ Bd8 27.Bxd8 Bb7 28.Qb8 Qa8 29.Qxa8 Bxa8
30.Ba5 Nc6 31.Bc3 Nd4 32.Re1 f6 33.f3 Nb5 34.Ba5 Bb7 35.Kf2 Rd4 36.Ra1 Kf7
37.Ke3 e5 38.Bc3 Rd7 39.Nb3  1-0

[Event "Pre-Continental g/25,10"]
[Site "Sao Paulo BRA"]
[Date "2001.07.29"]
[Round "9"]
[White "Leitao,R"]
[Black "Santos,MVM"]
[Result "1-0"]
[WhiteElo "2571"]
[BlackElo "2247"]

1.d4 d5 2.c4 e6 3.Nc3 c6 4.e3 Nf6 5.Nf3 Nbd7 6.Qc2 Bd6 7.b3 O-O 8.Be2 a6
9.O-O e5 10.cxd5 cxd5 11.dxe5 Nxe5 12.Bb2 Be6 13.Rac1 Rc8 14.Qb1 Nfg4 15.Nxe5 Bxe5
16.Bxg4 Bxg4 17.Qd3 Qh4 18.f4 Bf6 19.Ba3 Rfe8 20.Nxd5 Rcd8 21.e4 Be6 22.Rcd1 Rd7
23.Qg3 Red8 24.Qxh4 Bxh4 25.g3 Bxd5 26.Rxd5 Rxd5 27.exd5 Bf6 28.Rd1 Bc3 29.Kg2 f6
30.Bc5 Kf7 31.g4 f5 32.Rd3 Bb2 33.gxf5 Kf6 34.d6 Kxf5 35.d7 Ke4 36.Rd1  1-0

[Event "HZ Open"]
[Site "Vlissingen NED"]
[Date "2001.07.29"]
[Round "3"]
[White "Epishin,V"]
[Black "Mellegers,J"]
[Result "1-0"]
[WhiteElo "2583"]
[BlackElo "2308"]

1.d4 d5 2.c4 c6 3.Nc3 Nf6 4.Nf3 e6 5.e3 Nbd7 6.Qc2 Bd6 7.Bd3 O-O 8.O-O e5
9.cxd5 cxd5 10.e4 exd4 11.Nxd5 Nxd5 12.exd5 h6 13.Nxd4 Qh4 14.Nf3 Qh5 15.Bh7+ Kh8
16.Qf5 g5 17.b3 Kg7 18.Bb2+ f6 19.Qe6 Bf4 20.Qe4 Nc5 21.Qc2 Bg4 22.Rae1 Rae8
23.h3 Bxf3 24.gxf3 Nd7 25.Rxe8 Rxe8 26.Kg2 Be5 27.Bf5 Qf7 28.Bxe5 Nxe5 29.Rd1 Rd8
30.d6 Nc6 31.a3 Qe8 32.Rd5 Qf7 33.Qc5 h5 34.b4 a6 35.Rd1 Kh6 36.Be4 Ne5 37.Qb6 Qd7
38.Qxb7 Qxb7 39.Bxb7 Nc4 40.Bxa6 Nxa3 41.Be2 Kg7 42.b5 Kf8 43.b6 Ke8 44.b7 Kd7
45.Ra1  1-0

[Event "MTO"]
[Site "Biel SUI"]
[Date "2001.07.30"]
[Round "7"]
[White "Kobalija,M"]
[Black "Ramesh,R"]
[Result "1/2-1/2"]
[WhiteElo "2595"]
[BlackElo "2445"]

1.c4 c6 2.Nc3 d5 3.d4 Nf6 4.Nf3 e6 5.e3 Nbd7 6.Qc2 Bd6 7.g4 Bb4 8.Bd2 Qe7
9.Rg1 Bxc3 10.Bxc3 Ne4 11.Bd3 Nxc3 12.Qxc3 dxc4 13.Bxc4 b6 14.O-O-O O-O 15.Bd3 Bb7
16.Qc2 g6 17.Ne5 Nxe5 18.dxe5 c5 19.Be4 c4 20.Rd6 Rac8  1/2-1/2

[Event "Smith & Williamson ch-GBR"]
[Site "Scarborough HUN"]
[Date "2001.07.30"]
[Round "1"]
[White "Crouch,C"]
[Black "Buckley,D"]
[Result "1/2-1/2"]
[WhiteElo "2407"]
[BlackElo "2172"]

1.d4 d5 2.Nf3 Nf6 3.c4 c6 4.Nc3 e6 5.e3 Nbd7 6.Qc2 Bd6 7.e4 e5 8.cxd5 cxd5
9.exd5 O-O 10.Be2 exd4 11.Nxd4 Nb6 12.Bg5 Nbxd5 13.Rd1 Qa5 14.Nb5 Bf4 15.Bxf4 Nxf4
16.O-O Nxe2+ 17.Qxe2 Bd7 18.Nd6 Bc6 19.Qc4 Qg5 20.f3 Qa5 21.Kh1 Rad8 22.b4 Qc7
23.Nf5 Qe5 24.Nd4 Bd5 25.Nxd5 Qxd5 26.Qc2 Rfe8 27.Nb3 Qb5 28.a3 Nd5 29.Qc5 Qxc5
30.Nxc5 b6 31.Ne4 Ne3 32.Rxd8 Rxd8 33.Rc1 Nc2 34.h4 Nxa3 35.Rc7 Nb5 36.Rb7 h6
37.g4 Nd6 38.Nxd6 Rxd6 39.Rxa7 Rd4 40.Ra8+ Kh7 41.h5 Rxb4 42.Rf8 Rf4 43.Kg2 g6
44.hxg6+ Kxg6 45.Kg3 Rc4 46.Rg8+ Kf6 47.Rh8 Kg7 48.Rb8 Rc6 49.Kf4 Kf6 50.Rh8 Ke7
51.Ke5 Re6+ 52.Kd5 Rf6 53.Ke4 Kd6 54.f4 b5 55.f5 b4 56.Rc8 Ke7  1/2-1/2

[Event "MTO"]
[Site "Biel SUI"]
[Date "2001.08.01"]
[Round "9"]
[White "Kempinski,R"]
[Black "Ramesh,R"]
[Result "1/2-1/2"]
[WhiteElo "2595"]
[BlackElo "2445"]

1.d4 d5 2.c4 c6 3.Nc3 Nf6 4.Nf3 e6 5.e3 Nbd7 6.Qc2 Bd6 7.g4 Bb4 8.Bd2 Qe7
9.Bd3 e5 10.dxe5 Nxg4 11.e6 fxe6 12.Bxh7 Qf6 13.Qg6+ Qxg6 14.Bxg6+ Kf8 15.Bd3 Nde5
16.Nxe5 Nxe5 17.Ke2 Nxd3 18.Kxd3 Be7 19.Rhg1  1/2-1/2